The top 20 best footballers of all time - Statistics

General Stats
  • This quiz has been taken 125 times
  • The average score is 10 of 20
Answer Stats
Hint Answer % Correct
(1) Forward Lionel Messi
100%
(4) Forward Cristiano Ronaldo
99%
(5) Forward Pele
91%
(3) Forward Diego Maradona
89%
(8) Defender Paulo Maldini
70%
(14) Midfielder Zinedine Zidane
67%
(18) Forward Ronaldinho
66%
(2) Forward Johan Cruyff
59%
(6) Defender Franz Beckenbauer
56%
(7) Forward Alfredo Di Stefano
40%
(12) Forward Gerd Müller
38%
(15) Midfielder Xavi
38%
(9) Forward Ronaldo Nazario
36%
(10) Forward Ferenec Puskas
34%
(19) Forward George Best
27%
(11) Defender Lev Yashin
27%
(13) Defender Franco Baresi
26%
(20) Defender Gianluigi Buffon
26%
(17) Forward Eusebio
21%
(16) Defender Peter Schmeichel
1%
No matching quizzes found
Score Distribution
Percent of People with Each Score
Percentile by Number Answered
Your Score History
You have not taken this quiz